|
|
|
|
| LEADER |
00730nab a2200193 i 4500 |
| 001 |
acta51332 |
| 005 |
20250411133207.0 |
| 008 |
180423s1937 hu o 000 hun d |
| 040 |
|
|
|a SZTE Egyetemi Kiadványok Repozitórium
|b hun
|
| 041 |
|
|
|a hun
|
| 100 |
1 |
|
|a Mosdossy Ella
|
| 245 |
1 |
0 |
|a Rajz
|h [elektronikus dokumentum] :
|b III. osztály : ecsetgyakorlatok, ritmikus sorképzések /
|c Mosdossy Ella
|
| 260 |
|
|
|c 1937
|
| 300 |
|
|
|a 28-32
|
| 490 |
0 |
|
|a Gyakorlati pedagógia
|v 3 No. 1
|
| 650 |
|
4 |
|a Társadalomtudományok
|
| 650 |
|
4 |
|a Oktatástudomány
|
| 695 |
|
|
|a Rajz tanítása - általános iskola - gyakorlatok, Pedagógia - gyakorlati
|
| 856 |
4 |
0 |
|u http://acta.bibl.u-szeged.hu/51332/1/gyakorlati_1937_001_028-032.pdf
|z Dokumentum-elérés
|